| 000 | 00575nam a22002177a 4500 | ||
|---|---|---|---|
| 999 |
_c6270 _d6270 |
||
| 003 | OSt | ||
| 005 | 20190829163712.0 | ||
| 008 | 190829b ||||| |||| 00| 0 eng d | ||
| 020 | _a125956732X | ||
| 020 | _a9781259567322 | ||
| 040 | _cDDC | ||
| 050 | _a658.412 BAL 2017 | ||
| 100 |
_aBaltzan, Paige _912883 |
||
| 245 | _aBusiness Driven Technology | ||
| 250 | _a7th ed. | ||
| 260 |
_aNew York; _bMcGraw-hill _c2017 |
||
| 300 |
_axxx,520p; _bcol.ill: _c27cm |
||
| 504 | _aAnswers, glossary, & index included | ||
| 650 |
_aBusiness technology _912884 |
||
| 942 |
_2ddc _cBOOK |
||